000 00443nam a22001697a 4500
003 PILC
005 20151020154557.0
008 130928t xxu||||| |||| 00| 0 eng d
050 _aPA 3000
_b.On58 1969
082 _aGS 808.8
_bOn1 1969
245 _aOnce there was :
_bFolktales and rhymes.
_cMachado, Joan
260 _aCalifornia :
_bLeswing Press,
_c1969.
300 _a64 p.
562 _e1
942 _2lcc
_cBK
999 _c12322
_d12322